Исследование электронно-колебательной структуры в спектре окисления магния; Известия вузов. Физика; № 2

Bibliografske podrobnosti
Parent link:Известия вузов. Физика.— , 1958-
№ 2.— 1961.— С. 143-148
Glavni avtor: Назимова Н. А.
Drugi avtorji: Соколов В. А.
Jezik:ruščina
Izdano: 1961
Teme:
Format: MixedMaterials Book Chapter
KOHA link:https://koha.lib.tpu.ru/cgi-bin/koha/opac-detail.pl?biblionumber=577071

MARC

LEADER 00000naa2a2200000 4500
001 577071
005 20231101130401.0
035 |a (RuTPU)RU\TPU\prd\276290 
035 |a RU\TPU\tpu\924 
090 |a 577071 
100 |a 20180329a1961 k y0rusy50 ca 
101 0 |a rus 
102 |a RU 
200 1 |a Исследование электронно-колебательной структуры в спектре окисления магния  |f Н. А. Назимова, В. А. Соколов 
320 |a Библиогр.: 10 назв. 
461 |0 (RuTPU)RU\TPU\prd\191  |t Известия вузов. Физика  |d 1958- 
463 |0 (RuTPU)RU\TPU\prd\50313  |t № 2  |v С. 143-148  |d 1961 
610 1 |a труды учёных ТПУ 
700 1 |a Назимова  |b Н. А. 
701 1 |a Соколов  |b В. А. 
801 0 |a RU  |b 63413507  |c 20011210  |g PSBO 
801 2 |a RU  |b 63413507  |c 20180329  |g PSBO 
942 |c BK